000 02015nam a2200409 i 4500
001 193860
003 SpMaBN
005 20250825062649.0
008 240201s2022 sp a | |||| 000 0 eng
015 _aMON22
017 _aM 16448-2022
_bOficina Depósito Legal Madrid
020 _a9788409419296
040 _aSpMaBN
_bspa
_cSpMaBN
_erda
080 _a929 zZará
080 _a7 zZará
100 1 _aZzará, Zeta
_9171364
_eart
245 1 0 _azZará, visual artist :
_bretrospective 1968-2018 /
_ctexts, Carlos Delgado [y otros seis].
264 1 _aMadrid :
_bKurt Daniel Zaugg,
_c[2022].
300 _a257 páginas :
_bprincipalmente ilustraciones, fotografía (color) ;
_c27 cm.
336 _aImagen fija
_aTexto
_2rdacontent
337 _asin mediación
_2rdamedia
338 _avolumen
_2rdacarrier
500 _a"Documents of a large art exhibition in the GROSSE HALL in Bern of over 200 works on a area of 400 square meters, prevented by squatters"
500 _aAcceso a traducción al español de los textos explicativos y títulos de las obras, así como de una selección de críticas de arte y otros textos mediante códigos QR
520 _aLa libertad con que zZARÁ maneja sus fundamentos de creatividad hace que, independientemente de los materiales o las técnicas utilizadas, sus obras se conviertan en cuadros y objetos de gran envergadura que invitan a reflexionar. Carlos Delgado, Historiador y crítico de arte
546 _aTexto en inglés, español y alemán
600 1 4 _aZzará, Zeta
_2embne
_9171364
655 7 _aLibros ilustrados
_2tgfbne
_9193653
700 1 _aDelgado, Carlos,
_d1979-
_9171366
_eaut
852 _aEs-Maacl
_bR.154999
_cDEPOJ
_jN-9736
_hDonación: Editorial
_xEncuadernación rústica con solapas
_9205405
942 _cMONOGRAFIA
_n0
999 _c193860
_d193860